000 00695nas a2200229 4500
001 BR9205744
003 BR-BrBNA
005 20231205100430.0
007 ta
008 230509b bl.|||p| |||| 00| 00por d
040 _aBR-BrBNA
_bpor
_cBiblioteca Nacional de Agricultura
041 _a(Pt)
072 _aE10
100 1 _aMoraes, S.N.G.
245 1 _aProjeto de programa para curso de formacao juridica no meio rural
650 _aPosse de Terra
650 _aPrograma Educacional
650 _aDireito Agrario
773 0 _tReforma Agraria (Brazil)
_xISSN 0102-1184
_g(Sep-Dec 1984), v. 14(5-6) p. 74-82
_wBR9205744
909 _a202311
_bLúcia
_c55
_dLúcia Elande
942 _2AGRIS
_n0
_cANA
999 _c155987
_d155987